|
|
|
|
| LEADER |
00000nam0a2200000 4500 |
| 001 |
678449 |
| 005 |
20250205111328.0 |
| 090 |
|
|
|a 678449
|
| 100 |
|
|
|a 20250205d1978 k||y0rusy50 ca
|
| 101 |
0 |
|
|a rus
|
| 102 |
|
|
|a RU
|
| 105 |
|
|
|a y z 000yy
|
| 181 |
|
0 |
|a i
|b e
|
| 182 |
|
0 |
|a n
|
| 183 |
|
0 |
|a nc
|2 RDAcarrier
|
| 200 |
1 |
|
|a Состояние и пути повышения эффективности геофизических работ в Восточной Сибири и на Дальнем Востоке
|e (тезисы докладов и конференции)
|f Восточно-Сибирский НИИ геологии, геофизики и минерального сырья
|
| 203 |
|
|
|a Текст
|b визуальный
|c непосредственный
|
| 210 |
|
|
|a Иркутск
|c [б. и.]
|d 1978
|
| 215 |
|
|
|a 154 с.
|
| 283 |
|
|
|a volume
|2 RDAcarrier
|
| 606 |
1 |
|
|a Геофизика прикладная
|9 34184
|
| 610 |
1 |
|
|a геотектоника
|
| 610 |
1 |
|
|a магнитные поля
|
| 610 |
1 |
|
|a нефтяные месторождения
|
| 610 |
1 |
|
|a сейсморазведка
|
| 610 |
1 |
|
|a геофизическая съемка
|
| 610 |
1 |
|
|a Сибирская платформа
|
| 610 |
1 |
|
|a Камчатка
|
| 675 |
|
|
|a 550.83
|v 4
|
| 712 |
0 |
2 |
|a Восточно-Сибирский научно-исследовательский институт геологии, геофизики и минерального сырья
|c (Иркутск)
|4 570
|9 23680
|
| 801 |
|
0 |
|a RU
|b 63413507
|c 20250205
|
| 830 |
|
|
|a Ретро2025Каталогизация Мотырева
|
| 850 |
|
|
|a 63413507
|
| 942 |
|
|
|c BK
|